Associer ces acteurs à leurs films #3 - Les Inconnus - Statistiques

Statistiques générales
  • Ce quiz a été pris 20 fois
  • Le résultat moyen est 8 sur 14
Statistiques - réponses
Hint Réponse % Correct
Cocorico Didier Bourdon
100%
Alibi.com Didier Bourdon
100%
Le Coeur des Hommes Bernard Campan
89%
Black Mic Mac Pascal Légitimus
79%
La dégustation Bernard Campan
68%
Chasse gardée Didier Bourdon
68%
Combien tu m'aimes ? Bernard Campan
58%
Pinot simple flic Pascal Légitimus
58%
Jean Valjean Bernard Campan
53%
La Face Cachée Bernard Campan
42%
Mince alors ! Pascal Légitimus
37%
Vade Retro Pascal Légitimus
37%
La promesse de l'Aube Didier Bourdon
26%
L'Homme idéal Pascal Légitimus
26%
Aucun quiz correspondant
Distribution des résultats
% des personnes avec chaque résultat
Percentile par nombre de réponses
Votre historique - résultats
Vous n’avez pas pris ce quiz